Oracle SQL Plus an Interactive Approach (Record no. 194782)

000 -LEADER
fixed length control field 00602 a2200169 4500
003 - CONTROL NUMBER IDENTIFIER
control field Nust
005 - DATE AND TIME OF LATEST TRANSACTION
control field 20220802092731.0
040 ## - CATALOGING SOURCE
Transcribing agency Nust
082 ## - DEWEY DECIMAL CLASSIFICATION NUMBER
Classification number 005.1,AHM
100 ## - MAIN ENTRY--PERSONAL NAME
Personal name Ahmed,Ejaz
9 (RLIN) 96202
245 ## - TITLE STATEMENT
Title Oracle SQL Plus an Interactive Approach
Remainder of title SQL /
Statement of responsibility, etc. Ejaz Ahmed
260 ## - PUBLICATION, DISTRIBUTION, ETC.
Place of publication, distribution, etc. Lahore
Name of publisher, distributor, etc. Ilm-o-Irfan
Date of publication, distribution, etc. 1998
300 ## - PHYSICAL DESCRIPTION
Extent xix,411p.
505 ## - FORMATTED CONTENTS NOTE
Formatted contents note PART-1: Getting Started (Page-23), PART-2: Querying your Database (Page-79), PART-3: Creating and Reviewing Tables (Page-203), PART-4: Managing your Database (Page-289).
650 ## - SUBJECT ADDED ENTRY--TOPICAL TERM
Topical term or geographic name entry element SQL an Interactive Approach
9 (RLIN) 96203
942 ## - ADDED ENTRY ELEMENTS (KOHA)
Source of classification or shelving scheme
Koha item type Book
Call number prefix 005.1,AHM
Holdings
Withdrawn status Lost status Source of classification or shelving scheme Damaged status Not for loan Permanent Location Current Location Shelving location Date acquired Full call number Barcode Date last seen Price effective from Koha item type Public note
          Military College of Signals (MCS) Military College of Signals (MCS) General Stacks 12/12/2016 005.1,AHM MCS36408 12/08/2016 12/12/2016 Book Almirah No.8, Shelf No.4
© 2023 Central Library, National University of Sciences and Technology. All Rights Reserved.